Garandma's Bag of Stories (Record no. 369922)

MARC details
000 -LEADER
fixed length control field 00422nam a2200169 4500
005 - DATE AND TIME OF LATEST TRANSACTION
control field 20260120145059.0
008 - FIXED-LENGTH DATA ELEMENTS--GENERAL INFORMATION
fixed length control field 260120b |||||||| |||| 00| 0 eng d
020 ## - INTERNATIONAL STANDARD BOOK NUMBER
International Standard Book Number 978-0-143-33362-3
041 ## - LANGUAGE CODE
Language code of text/sound track or separate title English
082 ## - DEWEY DECIMAL CLASSIFICATION NUMBER
Classification number X 823 MUR
100 ## - MAIN ENTRY--PERSONAL NAME
Author Murty, Sudha
245 ## - TITLE STATEMENT
Title Garandma's Bag of Stories
260 ## - PUBLICATION, DISTRIBUTION, ETC.
Place of publication, distribution, etc. New Delhi
Name of publisher, distributor, etc. Puffin Books
Date of publication, distribution, etc. 2025
300 ## - PHYSICAL DESCRIPTION
Extent viii,178p
Other physical details pb
365 ## - TRADE PRICE
Price type code Rupaye
Price amount 167
Currency code INR
942 ## - ADDED ENTRY ELEMENTS (KOHA)
Koha item type Books

No items available.